INSTRUMENTAL METHODS OF CHEMICAL ANALYSIS (Record no. 10002)
[ view plain ]
| 000 -LEADER | |
|---|---|
| fixed length control field | 00300nam a22001337a 4500 |
| 003 - CONTROL NUMBER IDENTIFIER | |
| control field | SGT |
| 082 ## - DEWEY DECIMAL CLASSIFICATION NUMBER | |
| Classification number | 543 KAU |
| 100 ## - MAIN ENTRY--PERSONAL NAME | |
| Personal name | KAUR,H |
| 245 ## - TITLE STATEMENT | |
| Title | INSTRUMENTAL METHODS OF CHEMICAL ANALYSIS |
| 260 ## - PUBLICATION, DISTRIBUTION, ETC. (IMPRINT) | |
| Place of publication, distribution, etc | MEERUT |
| Name of publisher, distributor, etc | PRAGATI PRAKASHAN |
| Year of Publication | 2016 |
| 300 ## - PAGE DESCRIPTION | |
| No. of Pages | 1176 |
| 650 ## - SUBJECT ADDED ENTRY--TOPICAL TERM | |
| Topical term or geographic name as entry element | CHEMISTRY |
| 942 ## - ADDED ENTRY ELEMENTS (KOHA) | |
| Source of classification or shelving scheme | Dewey Decimal Classification |
| Koha item type | FPS Books |
| 942 ## - ADDED ENTRY ELEMENTS (KOHA) | |
| -- | 22 |
| Withdrawn status | Lost status | Source of classification or shelving scheme | Damaged status | Not for loan | Collection code | Home library | Current library | Shelving location | Date acquired | Vendor Name | Cost, normal purchase price | SGTU | Bill Number | Total Checkouts | Full call number | Accession No. (Barcode) | Date last seen | Date last borrowed | Bill Date | Koha item type |
|---|---|---|---|---|---|---|---|---|---|---|---|---|---|---|---|---|---|---|---|---|
| Dewey Decimal Classification | SCIENCE | SGT Science & Social Sciences Library | SGT Science & Social Sciences Library | Text Book | 24/11/2016 | PRAGATI PRAKASHAN | 765.00 | SGTU | 7099 | 8 | 543 KAU | PS2646 | 27/12/2024 | 18/12/2024 | 26/09/2016 | FPS Books | ||||
| Dewey Decimal Classification | SCIENCE | SGT Science & Social Sciences Library | SGT Science & Social Sciences Library | Text Book | 24/11/2016 | PRAGATI PRAKASHAN | 765.00 | SGTU | 7099 | 14 | 543 KAU | PS2647 | 17/01/2023 | 03/01/2023 | 26/09/2016 | FPS Books | ||||
| Dewey Decimal Classification | SCIENCE | SGT Science & Social Sciences Library | SGT Science & Social Sciences Library | Text Book | 24/11/2016 | PRAGATI PRAKASHAN | 765.00 | SGTU | 7099 | 10 | 543 KAU | PS2648 | 18/01/2025 | 18/12/2024 | 26/09/2016 | FPS Books | ||||
| Dewey Decimal Classification | SCIENCE | SGT Science & Social Sciences Library | SGT Science & Social Sciences Library | Text Book | 24/11/2016 | PRAGATI PRAKASHAN | 765.00 | SGTU | 7099 | 9 | 543 KAU | PS2649 | 04/01/2025 | 18/12/2024 | 26/09/2016 | FPS Books | ||||
| Dewey Decimal Classification | SCIENCE | SGT Science & Social Sciences Library | SGT Science & Social Sciences Library | Text Book | 24/11/2016 | PRAGATI PRAKASHAN | 765.00 | SGTU | 7099 | 9 | 543 KAU | PS2650 | 21/01/2023 | 07/01/2023 | 26/09/2016 | FPS Books |